Retrouve les musiques des albums de Zola. - Statistiques

Statistiques générales
  • Ce quiz a été pris 259 fois
  • Le résultat moyen est 31 sur 75
Statistiques - réponses
Frères Ennemis % Correct
Papers
74%
COEUR DE ICE
71%
AMBER
70%
Temps en temps
70%
9 1 1 3
68%
L1 L2
68%
Madame
66%
Astroboy
63%
Wow
62%
Cicatrices
60%
Extasy
59%
Ouais ouais
57%
Fuckboi
56%
Amiri jeans
55%
TOUTE LA JOURNEE
55%
B.A.L
54%
7.65
53%
Frères ennemis
53%
Papillon
52%
Café
51%
Zolabeille
48%
Ma jolie
47%
Mexicana
47%
Alloicizolaski4
46%
Aller sans retour
45%
Bro Bro
45%
Bad Bi
44%
ELECTRO
44%
NOCHEY
44%
Club
43%
Kinshasa
43%
Mojo
42%
Pollos Hermanos
42%
Sanchez
42%
ENVIE7VIE
41%
LA LUMIERE
39%
Baby Boy
38%
CARTIER PANTHERE
37%
L'ARMOIRE
37%
Roulette russe
37%
Dans la nuit
35%
Jamais
35%
Parano
35%
CÔTE HUBLOT
34%
FINISH HIM
34%
Les puristes
34%
Money Train
34%
TLMA
34%
Le sauveur
33%
NIKE AIR
33%
ZAZA
33%
FROSTIES
32%
SLIME
32%
Synthèse
32%
BRÛLURES INDIENNES
31%
C'est non
31%
Pistou
31%
Un billet
31%
Cache Cash
30%
Vista
30%
SKU
29%
DES LE MATIN
27%
Mula
27%
Tic-Tac
26%
La Main dans le Sac
25%
Mauvais choix
25%
URGENCE
25%
ADERALL
24%
BALLAS
24%
MAKE UP
24%
Tu connais l'gang
24%
GAS
23%
CAUCHEMAR
22%
GORGEE POUR LES MORTS
17%
Toujours là
17%
Aucun quiz correspondant
Distribution des résultats
% des personnes avec chaque résultat
Percentile par nombre de réponses
Votre historique - résultats
Vous n’avez pas pris ce quiz